Ústav územního rozvoje 1994-2024 /

Salvato in:
Dettagli Bibliografici
Altri autori: Kotrla, Jakub (Redattore), Hana, Šimková (Redattore)
Natura: Libro
Lingua:ceco
Pubblicazione: Brno : Ústav územního rozvoje, september 2024
Edizione:1. vydanie
Soggetti:
Tags: Aggiungi Tag
Nessun Tag, puoi essere il primo ad aggiungerne!!

MARC

LEADER 00000nam a22000003a 4500
001 0115837
003 SK-STU
005 20250606123444.3
007 ta
008 250606s ----xo-----e------000-0-----d
020 |a 978-80-7663-059-8 
040 |a STU  |b slo 
041 0 |a cze 
044 |a xr 
100 1 |a Kotrla, Jakub  |4 edt 
245 1 0 |a Ústav územního rozvoje 1994-2024 /  |c ed. Jakub Kotrla ; ed. Šimková Hana 
250 |a 1. vydanie 
260 |a Brno :  |b Ústav územního rozvoje,  |c september 2024 
300 |a 56 s. 
650 0 7 |a urbanizmus a územné plánovanie 
650 0 7 |a služby 
650 0 7 |a publikačná činnosť 
650 0 7 |a odborné periodiká 
650 0 7 |a príručky odborné 
650 0 7 |a mestský rozvoj 
650 0 7 |a regionálny rozvoj 
650 0 7 |a Česká republika 
700 1 |a Hana, Šimková  |4 edt 
996 |b 284AU10418  |c A* 13607/U  |l AAKNAR  |s A  |a 24  |w 0115837_0001